| 000 | 02276nam a2200349 c 4500 | ||
|---|---|---|---|
| 003 | BLK | ||
| 005 | 20180422110042.0 | ||
| 008 | 180409b bul|||||r ||||||| ||bul|| | ||
| 010 | _aKNG00117119000 | ||
| 020 |
_a954-430-992-6 _bиздат.: Акад. изд. Проф. Марин Дринов - на том(т. 7) |
||
| 040 | _aBLK | ||
| 041 |
_aBUL _cBUL |
||
| 080 |
_aБългарска литература _b821.163.2 _x(091)(063) _z821.163.2(091)(063) |
||
| 080 |
_aПаметници на културата на историческите периоди. Археологическите паметници. Старини _b904 _x(497.21-21) _z904(497.21-21) |
||
| 700 | 1 |
_aТотев, Тотю Косев _eпод ред. на на том _9365651 |
|
| 139 |
_aПреславска книжовна школа _bП 86 |
||
| 245 | 1 | 0 |
_aПреславска книжовна школа _bИзследвания и материали : Т. 1 - _cпод ред. на на том Тотю Косев Тотев. _nТ. 7 _pИзследвания в памет на професор Иван Гълъбов |
| 257 | _aBGR | ||
| 260 |
_аСофия _bУнив. изд. Св. Климент Охридски _c1995 - |
||
| 300 | _c24 см | ||
| 380 | _a82 | ||
| 650 | 4 |
_aСтаробългарска литература - конференции _9255097 |
|
| 650 | 4 |
_aПреслав - история _9252205 |
|
| 653 | _aстаробългарска литература | ||
| 653 | _aконференции | ||
| 760 | 1 |
_3- на том(т. 7) _dСофия, Акад. изд. Проф. Марин Дринов, 2004 _h448 с. : с ил., табл., сх., 24 см _nИзд. на Шуменски унив. Епископ Константин Преславски. Науч. център Преславска книжовна школа. - Текст и на рус., нем. ез. - Съдържа и In memorium / М. Тихова. - Библиогр. след отд. докл. и под линия ; Рез. на англ., нем. ез. _tТ. 7 Изследвания в памет на професор Иван Гълъбов |
|
| 852 | _aЦб 188142 | ||
| 856 | 4 |
_qpdf _u |
|
| 856 | 4 |
_qpdf _u |
|
| 942 |
_cKNG _n0 |
||
| 944 |
_aCR _c24.01.2005 _kГеновева_Генчева |
||
| 944 |
_aED _c02.11.2005 _k |
||
| 999 |
_c111769 _d111769 |
||